[Event "Lisbon Portugal rapid op"]
[Site "Lisbon"]
[Date "2019.02.10"]
[Round "6"]
[White "Chinguun, Sumiya"]
[Black "Godinho, Joao Quintas"]
[Result "1-0"]
[WhiteElo "2286"]
[BlackElo "1719"]
[PlyCount "183"]
[EventDate "2019.02.10"]
[EventType "swiss (rapid)"]
[EventRounds "8"]
[EventCountry "POR"]
[SourceTitle "CBM 188 Extra"]
[Source "ChessBase"]
[SourceDate "2019.02.26"]
[SourceVersion "1"]
[SourceVersionDate "2019.02.26"]
[SourceQuality "1"]

1. e4 c5 2. Nf3 d6 3. d4 cxd4 4. Nxd4 Nf6 5. Nc3 a6 6. f4 Qc7 7. Be2 b5 8. Bf3 Bb7 9. 0-0 e6 10. e5 Bxf3 11. Qxf3 dxe5 12. fxe5 Qxe5 13. Qxa8 Qxd4+ 14. Kh1 Bd6 15. Bg5 Ng4 16. Qf3 0-0 17. Rad1 Qe5 18. Bf4 Qxf4 19. Qxf4 Bxf4 20. Rxf4 Ne3 21. Re1 Nxc2 22. Re2 b4 23. Rxc2 bxc3 24. Rxc3 Nd7 25. Ra4 Rd8 26. Rd3 Rc8 27. h3 Ne5 28. Rc3 Rd8 29. Rxa6 h6 30. a4 Rd2 31. Rb6 Nd3 32. a5 Nxb2 33. a6 Na4 34. Rb8+ Kh7 35. a7 Rd1+ 36. Kh2 Nxc3 37. a8Q Nd5 38. Qc6 Rd2 39. Qc4 Rxg2+ 40. Kh1 Rf2 41. Qe4+ Rf5 42. Rb5 Kg6 43. h4 h5 44. Rb2 Nf6 45. Rg2+ Ng4 46. Qd3 Kf6 47. Kg1 Kg6 48. Rb2 Ne5 49. Qg3+ Ng4 50. Qd3 Kf6 51. Rb5 Nh6 52. Rxf5+ Nxf5 53. Kf2 Kg6 54. Kf3 Kf6 55. Qc4 Kg6 56. Kf2 Kf6 57. Kf3 Kg6 58. Qf4 f6 59. Qe4 Kf7 60. Qc4 Kg6 61. Kf4 e5+ 62. Kf3 Nh6 63. Qe4+ Kf7 64. Qc6 Ng4 65. Qe4 Nh6 66. Qb1 Ke6 67. Qg6 Nf5 68. Qxh5 g6 69. Qh8 Nd4+ 70. Ke4 f5+ 71. Kd3 Nf3 72. Qc8+ Kf6 73. Ke3 e4 74. Kf4 Nh2 75. Qc6+ Kg7 76. Qc3+ Kf7 77. Qb3+ Ke7 78. Qa3+ Ke8 79. Kg5 Nf3+ 80. Kf6 Kd7 81. Kxg6 Nxh4+ 82. Kg5 Nf3+ 83. Kxf5 Nh4+ 84. Kxe4 Ng6 85. Qa7+ Ke6 86. Qb6+ Kf7 87. Qc7+ Kf6 88. Qd7 Nf8 89. Qf5+ Ke7 90. Kd5 Nd7 91. Qe6+ Kd8 92. Kd6 1-0